| 000 | 00546nam a2200205 a 4500 | ||
|---|---|---|---|
| 005 | 20230302063606.0 | ||
| 008 | 991125s1998 mx 000 0 spa u | ||
| 020 | _a9686135839 | ||
| 035 | _aUPN01000054706 | ||
| 049 | _aI | ||
| 050 | 4 |
_aQC220 _bH4.7 |
|
| 100 | 1 |
_aHerrera Andrade, Miguel Angel, _d1944-2002 _928901 |
|
| 245 | 1 | 0 |
_aSonido y luz / _cMiguel Angel Herrera. |
| 260 |
_aMéxico : _bSITESA, _c1998. |
||
| 300 |
_a31 p. : _bil. col. |
||
| 440 | 0 | _aNuestro mundo | |
| 650 | 2 |
_aLuz _919175 |
|
| 650 | 2 |
_aSonido _9168 |
|
| 905 | _aInfantil | ||
| 999 |
_c54706 _d54706 |
||